Voitures de Rocket League - Mort subite - Statistiques

Statistiques générales
  • Ce quiz a été pris 516 fois
  • Le résultat moyen est 5 sur 15
Answers on the Grid
Answers color-coded by a green-red scale on the quiz's grid according to % correct below.
Artemis GT
Breakout
Centio RS
Christina
Endo
Esper
Ferrari 310R
Fire Charger
Galaxy
Gazelle
Grog
Jäger 619 RS
Jurassic Jeep Wrangler
Mantus
Maverick
McLaren 570S
Misamune
Octane
Octane ZSR
Orion
Pacer
Samurai
Scrub
Takumi
Titan
Triton
Twiner
Werewolf
Zappy
Zippy
 
Statistiques - réponses
Réponse % Correct
Breakout
82%
Endo
52%
Octane
51%
Esper
40%
Grog
40%
Octane ZSR
37%
Jäger 619 RS
35%
Takumi
35%
Zippy
27%
McLaren 570S
23%
Triton
22%
Jurassic Jeep Wrangler
17%
Maverick
17%
Samurai
17%
Werewolf
9%
Aucun quiz correspondant
Distribution des résultats
% des personnes avec chaque résultat
Percentile par nombre de réponses
Votre historique - résultats
Vous n’avez pas pris ce quiz